Istanbul M1 Metro Stations Quiz - Statistics

General Stats
  • This quiz has been taken 17 times
  • The average score is 14 of 23
Answer Stats
District Station % Correct
Fatih Yenikapı
100%
Fatih Aksaray
81%
Bağcılar Kirazlı - Bağcılar
81%
Bayrampaşa Otogar
81%
Güngören Davutpaşa - YTÜ
75%
Bakırköy Atatürk Havalimanı
69%
Eyüpsultan Bayrampaşa - Maltepe
69%
Fatih Emniyet - Fatih
69%
Esenler Esenler
69%
Bakırköy Bakırköy - İncirli
63%
Bakırköy Ataköy - Şirinevler
56%
Bayrampaşa Sağmalcılar
56%
Bayrampaşa Kocatepe
50%
Güngören Merter
50%
Esenler Terazidere
50%
Fatih Topkapı - Ulubatlı
50%
Bakırköy Yenibosna
50%
Bahçelievler Bahçelievler
44%
Bakırköy DTM - İstanbul Fuar Merkezi
44%
Bakırköy Zeytinburnu
44%
Esenler Menderes
38%
Bağcılar Bağcılar Meydan
31%
Bağcılar Üçyüzlü
31%
No matching quizzes found
Score Distribution
Percent of People with Each Score
Percentile by Number Answered
Your Score History
You have not taken this quiz